One Piece Teufelskraftnutzer - Statistiken

Allgemein
  • Dieses Quiz wurde 128 mal gespielt
  • Das Durchschnittsergebnis liegt bei 10 aus 20
Answers on the Grid
Answers color-coded by a green-red scale on the quiz's grid according to % correct below.
Ace
Bellamy
Boris Blocksberg
Brook
Buggy
Chopper
Enel
Foxy
Franky
Gol D. Roger
Jacko
Jinbei
Kaido
Kawamatsu
Kinemon
Kizaru
Kumadori
Mihawk
Miss Doublefinger
Miss Goldenweek
Mr. 1
Mr. 4
Mr. 5
Nico Robin
Perona
Rayleigh
Rob Lucci
Ruffy
Sentomaru
Smoker
Vegapunk
Whitebeard
 
Antwortstatistiken
Antwort % Korrekt
Ace
93%
Buggy
93%
Chopper
81%
Brook
80%
Bellamy
78%
Enel
76%
Foxy
69%
Kaido
66%
Kizaru
56%
Kinemon
34%
Miss Doublefinger
31%
Mr. 1
31%
Nico Robin
31%
Ruffy
31%
Smoker
27%
Whitebeard
27%
Perona
24%
Rob Lucci
24%
Mr. 5
19%
Vegapunk
19%
Keine übereinstimmenden Quizze gefunden
Verteilung der Resultate
Anzahl Personen mit jedem Resultat
Perzentil nach korrekt beantworteten Fragen
Ihre Resultats-Entwicklung
Sie haben dieses Quiz noch nicht gespielt